000 00559nam a22001817a 4500
005 20251108165420.0
008 250721s1977 xx 000 0 ara d
082 1 4 _a947.0841/سام
100 1 _aعمارة، سامي
_eترجمة
245 1 0 _aتاريخ ثورة أكتوبر الإشتراكية العظمى /
264 1 _aموسكو :
_bدار التقدم،
_c1977.
300 _a510ص : فهارس
650 1 7 _aروسيا
650 1 7 _aتاريخ روسيا
650 1 7 _aالثورة الروسية 1917
942 _2ddc
_cBK
999 _c27383
_d27383